Heutige Jugoslawische Länder - Statistiken

Allgemein
  • Dieses Quiz wurde 19.099 mal gespielt
  • Das Durchschnittsergebnis liegt bei 6 aus 7
Antwortstatistiken
Land % Korrekt
Serbien
97%
Kroatien
96%
Bosnien und Herzegowina
94%
Kosovo
91%
Montenegro
87%
Slowenien
87%
Nordmazedonien
85%
Keine übereinstimmenden Quizze gefunden
Verteilung der Resultate
Anzahl Personen mit jedem Resultat
Perzentil nach korrekt beantworteten Fragen
Ihre Resultats-Entwicklung
Sie haben dieses Quiz noch nicht gespielt